|
|
|
|
| LEADER |
00817nam a2200265 4500 |
| 001 |
DLU090085287 |
| 005 |
##20091126 |
| 040 |
# |
# |
|a DLU
|b vie
|
| 041 |
# |
# |
|a vie
|
| 044 |
# |
# |
|a vn
|
| 100 |
# |
# |
|a Phạm Thị Tính,
|c ThS.
|
| 245 |
# |
# |
|a Dân chủ tham gia với phát triển con người sau 20 năm đổi mới ở Việt Nam /
|c Phạm Thị Tính.
|
| 653 |
# |
# |
|a Nhân quyền
|
| 653 |
# |
# |
|a Phát triển nguồn nhân lực
|
| 653 |
# |
# |
|a Quyền tự do
|
| 773 |
# |
# |
|t Nghiên cứu con người
|g Số 2(41), 2009, tr. 46-57
|
| 920 |
# |
# |
|a Phòng Tạp chí -- Trung tâm Thông tin - Thư viện Trường Đại học Đà Lạt
|
| 994 |
# |
# |
|a DLU
|
| 900 |
# |
# |
|a True
|
| 911 |
# |
# |
|a Nguyễn Thị Linh Chi
|
| 925 |
# |
# |
|a G
|
| 926 |
# |
# |
|a A
|
| 927 |
# |
# |
|a BB
|
| 980 |
# |
# |
|a Thư viện Trường Đại học Đà Lạt
|